| 000 -LEADER |
| fixed length control field |
00557cam a22001577a 4500 |
| 008 - FIXED-LENGTH DATA ELEMENTS--GENERAL INFORMATION |
| fixed length control field |
180718b2001 xxu||||| |||| 00| 0 eng d |
| 020 ## - INTERNATIONAL STANDARD BOOK NUMBER |
| International Standard Book Number |
817033649X |
| 082 ## - DEWEY DECIMAL CLASSIFICATION NUMBER |
| Classification number |
BA27x54 H761 |
| 100 ## - MAIN ENTRY--PERSONAL NAME |
| Personal name |
Hooda, Sagar Preet |
| 245 ## - TITLE STATEMENT |
| Title |
Contesting reservations: the Indian experiment on affirmative action |
| Statement of responsibility, etc. |
by Sagar Preet Hooda |
| 260 ## - PUBLICATION, DISTRIBUTION, ETC. |
| Place of publication, distribution, etc. |
Jaipur |
| Name of publisher, distributor, etc. |
Rawat |
| Date of publication, distribution, etc. |
2001 |
| 300 ## - PHYSICAL DESCRIPTION |
| Extent |
236p. |
| 650 ## - SUBJECT ADDED ENTRY--TOPICAL TERM |
| Topical term or geographic name entry element |
Minorities --Government policy --India. |
| 650 ## - SUBJECT ADDED ENTRY--TOPICAL TERM |
| Topical term or geographic name entry element |
Affirmative action programs --Government policy --India |
| 650 ## - SUBJECT ADDED ENTRY--TOPICAL TERM |
| Topical term or geographic name entry element |
Race discrimination --Government policy --India |